| 000 | 00690cam a22002172 4500 | ||
|---|---|---|---|
| 001 | 0000012723 | ||
| 005 | 20151217154415.0 | ||
| 008 | 090316s xx 000 0 eng d | ||
| 020 | _a0131865420 : | ||
| 040 |
_aKABU _cKABU |
||
| 100 | 1 |
_aJones, Gareth R. _@0000169628 |
|
| 245 | 1 | 0 |
_aOrganizational theory, design, and change / _cGareth R. Jones. |
| 250 | _a5th ed. | ||
| 260 |
_aUpper Saddle River, NJ. : _bPrentice Hall, _c2007. |
||
| 300 | _axxi, 527 p. | ||
| 650 | 0 |
_aOrganizational behavior. _@0000150790 |
|
| 650 | 0 |
_aOrganizational behavior _xCase studies. _@0000150691 |
|
| 852 | 1 | _9p4680 KES | |
| 908 | _a090316 | ||
| 950 | _@1 | ||
| 999 |
_c11083 _d11083 |
||